| 000 | 00596nam a22001937a 4500 | ||
|---|---|---|---|
| 005 | 20260408095815.0 | ||
| 010 | _aENG-148157 | ||
| 020 |
_c1495.00 _a9789395116930 |
||
| 035 | _aEN-131689 | ||
| 037 |
_bDBAD _aDPL |
||
| 082 |
_a345.40500 _29 |
||
| 100 |
_aGaur, K D _983315 |
||
| 245 |
_aTextbook on The Bharatiya Nyaya Sanhita,2023/ _cK D Gaur |
||
| 250 | _a9 | ||
| 260 |
_aGurgaon _bLexis Nexis _c2025 |
||
| 270 |
_a14th Floor, Building No-10, Tower-B, DLF Cyber City, Phase-II _bGurgaon _e122002 |
||
| 300 |
_axc,1542p.: _c24cm(pb) |
||
| 942 |
_2ddc _cEN _mGAU _h345.40500 _e9 |
||
| 999 |
_c215813 _d215813 |
||